[Event "CZE-chT2C 1516"]
[Site "Czech Republic"]
[Date "2016.01.24"]
[Round "6.1"]
[White "Dolezal, Radoslav"]
[Black "Jirka, Jiri"]
[Result "1-0"]
[WhiteElo "2400"]
[BlackElo "2429"]
[PlyCount "117"]
[EventDate "2015.10.18"]
[EventType "team-tourn"]
[EventRounds "11"]
[EventCountry "CZE"]
[SourceTitle "EXT 2022"]
[Source "ChessBase"]
[SourceDate "2021.10.06"]
[SourceVersion "1"]
[SourceVersionDate "2021.10.06"]
[SourceQuality "1"]
[WhiteTeam "Ricany"]
[BlackTeam "Praha Bohemians"]
[WhiteTeamCountry "CZE"]
[BlackTeamCountry "CZE"]

1. d4 d5 2. Nf3 Nf6 3. c4 c6 4. e3 Bf5 5. Bd3 Bxd3 6. Qxd3 e6 7. 0-0 Nbd7 8. Nbd2 Be7 9. b3 0-0 10. e4 Qa5 11. e5 Ne8 12. Rd1 Nc7 13. Nf1 Rfd8 14. Ng5 Bxg5 15. Bxg5 dxc4 16. Qg3 c3 17. Bxd8 Rxd8 18. Ne3 Nb6 19. Rd3 Nbd5 20. Nc4 Qb4 21. Nd6 Nb5 22. Qh4 Rd7 23. Nc4 Qe7 24. Qxe7 Nxe7 25. a4 Nxd4 26. Kf1 c2 27. Ne3 c5 28. Nxc2 Nec6 29. Nxd4 cxd4 30. Rc1 Kf8 31. Rc5 Nb4 32. Rd2 d3 33. a5 g5 34. f3 a6 35. Kf2 Ke7 36. g3 h6 37. f4 gxf4 38. gxf4 Nc6 39. Ke3 Nb4 40. Rc4 Nd5+ 41. Kf3 b5 42. axb6 Nxb6 43. Rc6 Nd5 44. Rxd3 Rb7 45. Rc4 Nb4 46. Rd2 Nd5 47. Rb2 a5 48. Rd4 Rb5 49. Kg3 Nc3 50. Rd3 Ne4+ 51. Kg4 Nc5 52. Rc3 f6 53. Rd2 fxe5 54. fxe5 h5+ 55. Kxh5 Nxb3 56. Rc7+ Ke8 57. Rg2 Rxe5+ 58. Kh6 Kf8 59. Rgg7 1-0

[Event "CZE-chT2C 1516"]
[Site "Czech Republic"]
[Date "2015.12.06"]
[Round "4.1"]
[White "Hausner, Ivan"]
[Black "Jirka, Jiri"]
[Result "1/2-1/2"]
[WhiteElo "2351"]
[BlackElo "2429"]
[PlyCount "65"]
[EventDate "2015.10.18"]
[EventType "team-tourn"]
[EventRounds "11"]
[EventCountry "CZE"]
[SourceTitle "EXT 2022"]
[Source "ChessBase"]
[SourceDate "2021.10.06"]
[SourceVersion "1"]
[SourceVersionDate "2021.10.06"]
[SourceQuality "1"]
[WhiteTeam "Pisek"]
[BlackTeam "Praha Bohemians"]
[WhiteTeamCountry "CZE"]
[BlackTeamCountry "CZE"]

1. e4 e5 2. Bc4 Nf6 3. d4 exd4 4. Nf3 Nxe4 5. Qxd4 Nf6 6. Nc3 c6 7. Bg5 Be7 8. 0-0-0 d5 9. Rhe1 Be6 10. Qh4 Nbd7 11. Bd3 Nc5 12. Nd4 Nfd7 13. Bxe7 Qxe7 14. Qxe7+ Kxe7 15. f4 g6 16. g4 Nf6 17. f5 Nxg4 18. fxe6 Nxe6 19. Rd2 Kd6 20. Nxe6 fxe6 21. Bf1 Nf6 22. Bh3 Rae8 23. Rf1 Rhf8 24. Rxf6 Rxf6 25. Ne4+ Ke7 26. Nxf6 Kxf6 27. c4 Re7 28. Kc2 b6 29. Kc3 Ke5 30. Rf2 Kd6 31. b4 c5 32. bxc5+ Kxc5 33. Bf1 1/2-1/2

[Event "CZE-chT2C 1516"]
[Site "Czech Republic"]
[Date "2015.10.18"]
[Round "1.1"]
[White "Jirka, Jiri"]
[Black "Carlsson, Pontus"]
[Result "0-1"]
[WhiteElo "2429"]
[BlackElo "2428"]
[PlyCount "122"]
[EventDate "2015.10.18"]
[EventType "team-tourn"]
[EventRounds "11"]
[EventCountry "CZE"]
[SourceTitle "EXT 2022"]
[Source "ChessBase"]
[SourceDate "2021.10.06"]
[SourceVersion "1"]
[SourceVersionDate "2021.10.06"]
[SourceQuality "1"]
[WhiteTeam "Praha Bohemians"]
[BlackTeam "Praha Dopravni podnik II"]
[WhiteTeamCountry "CZE"]
[BlackTeamCountry "CZE"]

1. d4 Nf6 2. c4 e6 3. g3 c5 4. d5 exd5 5. cxd5 d6 6. Nc3 g6 7. Bg2 Bg7 8. Nf3 0-0 9. 0-0 Re8 10. h3 Ne4 11. Nxe4 Rxe4 12. Nd2 Re8 13. a4 b6 14. Nc4 Ba6 15. Qc2 b5 16. axb5 Bxb5 17. Qb3 Bxc4 18. Qxc4 Nd7 19. Ra6 Nb6 20. Qb5 Qe7 21. e3 Rab8 22. Qe2 Rb7 23. b3 Reb8 24. Qa2 Nc8 25. Ra3 Qe5 26. h4 Rb5 27. e4 Qe7 28. Bd2 Qb7 29. Bh3 Bd4 30. Rb1 Qe7 31. Qc2 R5b7 32. Bf1 Qe8 33. Kg2 Re7 34. Bd3 Nb6 35. Bf4 Nc8 36. Ra6 Rb6 37. Ra4 Reb7 38. Ra3 Qe7 39. Ba6 Rb8 40. Bd2 f5 41. exf5 Rxa6 42. Rxa6 Qe2 43. Ra2 Qxf2+ 44. Kh3 Be5 45. Be1 Qf3 46. Bf2 gxf5 47. Qe2 Qxd5 48. Be3 Rxb3 49. Rd2 Qe6 50. Rxb3 Qxb3 51. Rd3 Qb7 52. Kh2 Qe4 53. Qf1 Qxh4+ 54. Qh3 Bxg3+ 55. Kg2 Qe4+ 56. Kg1 Qxd3 57. Qxg3+ Kf7 58. Qf3 Ne7 59. Qh5+ Ke6 60. Bf2 f4 61. Qh3+ Qxh3 0-1